Rehabilitation of displaced persons in Saurashtra (Record no. 490296)

000 -LEADER
fixed length control field 00275cam a22000977a 4500
008 - FIXED-LENGTH DATA ELEMENTS--GENERAL INFORMATION
fixed length control field 180718b1955 xxu||||| |||| 00| 0 eng d
082 ## - DEWEY DECIMAL CLASSIFICATION NUMBER
Classification number D89x5442
245 ## - TITLE STATEMENT
Title Rehabilitation of displaced persons in Saurashtra
260 ## - PUBLICATION, DISTRIBUTION, ETC.
Place of publication, distribution, etc. Rajkot
Name of publisher, distributor, etc. Government of Saurashtra
Date of publication, distribution, etc. 1955
300 ## - PHYSICAL DESCRIPTION
Extent 9p.
Holdings
Withdrawn status Lost status Damaged status Not for loan Permanent Location Current Location Date acquired Full call number Barcode Date last seen Price effective from Koha item type
        Indian Institute of Public Administration Indian Institute of Public Administration 2018-08-04 D89x5442 GG32925 2018-08-04 2018-08-04 GG

Powered by Koha